1820 1238 1900 1857 1670 1376 1288 1479 1609 1251 1818 1776 1047 1295 1439 1581 1499 1844 1270 1587 1230 1262 1892 1587 1579 1425 1604 1177 1095 1947 1988 1794 1347 1885 1338 1557 1435 1086 1561 1828 1511 1536 1453 1765 1185 1083 1239 1659 1514 1203 1015 1420 1580 1778 1180 1281 1858 1806 1530 1859 1281 1888 1818 1107 1089 1184 1071 1556 1111 1793 1939 1984 1890 1105 1358 1134 1906 1161 1568 1054 1580 1762 1844 1302 1651 1247 1168 1385 1018 1478 1454 1017 1634 1082 1448 1859 1377 1679 1938 BCNSPRNW ULIB Ver.6.0+V

เปลี่ยนเป็นภาษาไทย

Change to English
 แสดงรายละเอียดบรรณานุกรม
  กลับหน้าหลัก

Brief Record : Get Marc (ISO 2709) : E-mail record : QR code < ปิดหน้าต่าง
LEADER : 00000nam 2200000uu 4500
001    13399126797
003     ULIB
008    190306s2561||||th 000 0 tha d
020    ^a9786168145098
050    ^aนว^bจ158จ
100    ^aจรสจันทร์
245    ^aจันทร์กระจ่างฟ้า ซีรีส์ชุดสี่ดรุณี/^cจรสจันทร์
260    ^aกรุงเทพฯ :^bบางรักษ์,^c2561
300    ^a480 หน้า;^b26 ซม.
650    ^aนวนิยาย
945    ^p340^l0^i27292
999    ^aกัณชพร จุลอักษร
รายการนี้ยังไม่มีแท็ก
คุณยังไม่ได้ล็อกอิน คุณสามารถมีกิจกรรมร่วมกับเว็บไซต์ได้ แต่ต้องล็อกอินก่อน ::
  ล็อกอิน

รายการสื่อสารสนเทศ

ลำดับที่ ประเภท เลขเรียก/บาร์โค้ด สถานที่ สถานะ
1. วิทยาศาสตร์การแพทย์ และสุขภาพ
วิทยาศาสตร์การแพทย์ และสุขภาพ
นว จ158จ ฉ.1 
  Barcode: 27292
ห้องสมุดวิทยาเขตสวรรค์ประชารักษ์
►นวนิยาย
บนชั้น
  ขอยืม

รายการใกล้เคียง
    ผู้แต่ง [จรสจันทร์]

    หัวเรื่อง [นวนิยาย]

BibComment


ยังไม่เคยถูกคอมเมนท์

คอมเมนท์ทรัพยากรรายการนี้
  คอมเมนท์: จันทร์กระจ่างฟ้า..


 Copyright 2026. Bcnsprnw @Library